000 00531nam a2200169 a 4500
001 000034703
005 20200930073841.0
008 111019s1931 es 000 0 spa d
040 _aDO-SdBNP
_bspa
_cBNPHU
100 1 _aPereyra, Carlos
_d[1871 -1942 ]
_960157
245 1 3 _aEl mito de Monroe :
_bb1763-1860 /
_cCarlos Pereyra.
260 _aMadrid :
_bM. Aguilar,
_c1931.
300 _a581 p. :
_bmap. ;
_c20 cm.
490 1 _aObras completas de Carlos Pereyra
830 0 _aObras completas de Carlos Pereyra
_960158
049 _aBNPD
999 _c34194
_d34194